All The Things She Said - ​t.A.T.u. - All Lyrics - Statistics

General Stats
  • This quiz has been taken 158 times
  • The average score is 452 of 533
Answer Stats
Answer % Correct
a
100%
All
100%
all
100%
(All
100%
my
100%
said,
100%
said
100%
said)
100%
the
100%
things
100%
Things
100%
she
99%
head,
97%
head
97%
I
97%
Runnin'
95%
runnin'
95%
through
91%
me
87%
me,
87%
be
86%
is
82%
lost
81%
not
81%
you
80%
free
79%
free)
79%
free?
79%
This
79%
to
77%
ever
75%
at
74%
enough
72%
(Enough,
72%
enough,
72%
enough)
72%
mind
72%
what
72%
lookin'
71%
do
70%
for
69%
we
69%
Will
69%
can
68%
Have
68%
I'm
68%
in
67%
and
66%
And
66%
When
66%
it's
65%
so
65%
see?
64%
with
61%
Mother,
60%
Tell
60%
where
60%
her
58%
I've
58%
feel
57%
only
56%
but
55%
But
55%
If
55%
crossed
54%
line?
53%
asking
52%
just
52%
because
51%
Could
51%
Daddy,
51%
has
51%
eyes
50%
eyes,
50%
help,
50%
totally
50%
can't
49%
she's
49%
myself,
47%
Nobody
47%
(Nobody
47%
up,
47%
being
46%
else,
46%
out
46%
such
46%
want
46%
Yes,
46%
of
45%
'Cause
44%
opened
44%
believe
43%
perfect
43%
place
43%
surprise?
43%
keep
42%
don't
41%
feeling
41%
how
41%
Wanna
41%
say
40%
try
40%
shit,
39%
fly
38%
much
38%
They
38%
they
38%
fault,
37%
serious
35%
away
34%
going
32%
mad,
31%
wondering
31%
pretend,
30%
closing
28%
stop
28%
forget
27%
rushed
26%
driving
25%
mixed
25%
worry
25%
cornered
24%
rain
24%
stare,
23%
sun
23%
over
22%
shame
22%
face,
21%
wash
21%
come
17%
block
16%
No matching quizzes found
Score Distribution
Percent of People with Each Score
Percentile by Number Answered
Your Score History
You have not taken this quiz